Statistiche per Quiz sullà città di Firenze

Clicka qui per fare il quiz!

Statistiche generali

  • Questo quiz è stato fatto 453 volte
  • Il punteggio medio è 18 su 26

Statistiche sulle risposte

CategoriaDescrizioneRisposta% Corretto
GeografiaRegione italiana di FirenzeToscana
99%
GeografiaFIrenze si trova su questo fiumeArno
95%
StoriaFamiglia che guidò Firenze per gran parte del XV secolo e che produsse quattro papi e una regina di FranciaMedici
88%
Fiorentini famosiScrittore della Divina CommediaDante Alighieri
87%
Fiorentini famosiUomo da molti talenti nato a Vinci nel 1452Leonardo da Vinci
85%
Fiorentini famosiArtista del David nato a Caprese nel 1475Michelangelo
83%
MonumentiPonte più famoso di FirenzePonte Vecchio
83%
CulturaMusei d'arte con più visitoriGalleria degli Uffizi
82%
CulturaQuadro di Botticelli che rappresenta una donna su una conchiglia di San GiacomoNascita di {Venere}
82%
Fiorentini famosiAutore del Decamerone, opera fondatrice della narrativa prosaicaGiovanni Boccaccio
79%
StoriaPeriodo culturale europeo che iniziò a Firenze ca. 1300 A.D.Rinascimento
79%
StoriaCivilità che ha vissuto nell'attuale territorion di Firenze prima dei romaniEtruschi
78%
StoriaFiore rosso simbolo di FirenzeGiglio
78%
GeografiaCittà situata a una ventina di chilometri di Firenze, famosa per la sua alta comunità cinesePrato
76%
StoriaCittà dove nacque Galileo, conquista da Firenze nel 1406Pisa
74%
MonumentiPiù grandi piazze di FirenzePiazza della {Signoria}
70%
MonumentiCampanile del Duomo di FirenzeCampanile di {Giotto}
69%
StoriaSport di squadra popolare del XVI secolo inventato a FirenzeCalcio fiorentino
65%
CulturaCasa di alta moda fondata a Firenze nel 1921Gucci
56%
Fiorentini famosiAutore del Principe, libro che consiglia ai dirigenti come mantenere il potereNiccolò Macchiavelli
56%
Fiorentini famosiCartografo e omonimo di due continentiAmerigo Vespucci
55%
MonumentiPiù grandi piazze di FirenzePiazza del {Duomo}
54%
CulturaVino sangiovese con bottiglie spesso racchiuso in un cestino di pagliaChianti
46%
StoriaIndustria che portò questa famiglia alla ribaltaBancaria
31%
CulturaManifestazione pasquale con fuochi d'artificioScoppio del {carro}
27%
CulturaMusei d'arte con più visitoriGalleria dell'Accademia
25%

Distribuzione punteggi

Percentile per numero di risposta

Percentuale di utenti per punteggio

I tuoi punteggi nel tempo

Non hai fatto questo quiz